000 00477nam a2200169 i 4500
001 41775
003 ES-MaACL
005 20230906160505.0
007 t|
008 030311s1969 sp ||||1| cat d
100 1 _aCasares, Carlos.
_936153
245 1 0 _aCambio en tres /
_cCarlos Casares ; ilustraciós de Xohán Ledo.
260 _aVigo :
_bGalaxia,
_c1969.
300 _a107 p. :
_bil. ;
_c18 cm.
700 1 _aLedo, Xohán.
_971160
852 _aES-MaACL
_jC-51809
_bR.68927
999 _c41775
_d41775